000 01736nam a22003857a 4500
001 BRCA_9368
003 FranzMayer
005 20231011103853.0
008 231011b |||||||| |||| 00| 0 eng d
020 _a9783822830277
040 _aMFM
_bESPAÑOL
_cMFM
050 _aNC974.3.A7
_bT37 2006
110 1 _4Responsable
_aTaschen
_929989
240 _aDomus XII
_h1995-1999
_lItaliano
245 0 _aDomus XII
_b1995-1999
260 _aItalia
_bTacshen
_c2006
300 _a580 p
_bIlustraciones a color
_c32.5 cm
440 _aDomus XII
_nTomo XII
_p1995-1999
_vTomo 12
_929990
500 _aIncluye un CD
500 _aContiene los siguientes volúmenes:Domus I. 1928-1939Domus II. 1940-1949Domus III. 1950-1954Domus IV. 1955-1959Domus V. 1960-1964Domus VI. 1965-1969Domus VII. 1970-1974Domus VIII. 1975-1979Domus IX. 1980-1984Domus X. 1985-1989Domus XI. 1990-1994Domus XII. 1995-1999
505 _aTexto en: italianoIncluye índice temáticoIncluye traducciones de textoDirigido a: artistas, historiadores de arte y personas con interés en el diseño.
650 1 _2Arte
_aPublicaciones artísticas
_vPublicaciones de arte
_929991
651 2 _2Diseño
_aLibros de arte
_vPublicaciones continuas
_929992
700 1 _4Edit
_aBerg, Thomas
_929993
700 1 _4Edit
_aHausmann, Viktoria
_929994
700 1 _4Edit
_aFigini, Carmen
_929995
700 1 _4Col
_aHavertz, Yvonne
_929996
700 1 _4Col
_aBlankenhagen, Patricia
_929997
700 1 _4Prod
_aGoerhardt, Frank
_929998
700 1 _4Prod.
_aWachendorf, Ute
_929999
700 1 _4Trad.
_aGugliemotti, Luisa
_930000
700 1 _4Trad
_aBaker Dick, Bradley
_930001
856 1 _3Incluye un CD
_uDomus 1928-1999 master index
942 _2lcc
_cB
999 _c11080
_d11080